Fertilizer = Engrais = Fertilizantes

Gardado en:
Detalles Bibliográficos
Formato: Libro
Idioma:Undetermined
Publicado: Rome, Italy FAO 2002
Những chủ đề:
Các nhãn: Engadir etiqueta
Sen Etiquetas, Sexa o primeiro en etiquetar este rexistro!
Thư viện lưu trữ: Trung tâm Học liệu Trường Đại học Cần Thơ
LEADER 00412nam a2200145Ia 4500
001 CTU_50520
008 210402s9999 xx 000 0 und d
082 |a 338.456318 
082 |b F411/Vol.50 
245 0 |a Fertilizer = Engrais = Fertilizantes 
260 |a Rome, Italy 
260 |b FAO 
260 |c 2002 
650 |a agricultural chemicals,fertilizers 
980 |a Trung tâm Học liệu Trường Đại học Cần Thơ